Účetnictví pojišťoven po vstupu do EU

Na minha lista:
Detalhes bibliográficos
Autor principal: Čejková, Viktória
Outros Autores: Valouch, Petr
Formato: Livro
Idioma:tcheco
Publicado em: Praha GRADA 2005
Colecção:Účetnictví a daně
Assuntos:
Tags: Adicionar Tag
Sem tags, seja o primeiro a adicionar uma tag!

MARC

LEADER 00000nam$a2200000$$$4500
001 0027800
005 20240313133605.4
020 |a 80-247-0953-8 
041 0 |a cze 
044 |a CZ 
245 1 0 |a Účetnictví pojišťoven po vstupu do EU  |c V. Čejková, P. Valouch 
264 1 |a Praha  |b GRADA  |c 2005 
300 |a 120 s. 
490 1 |a Účetnictví a daně 
830 0 |a Účetnictví a daně 
610 2 0 |a účtovníctvo 
610 2 0 |a poisťovne 
610 2 0 |a osnova účtová 
610 2 0 |a legislatíva 
610 2 0 |a Česko 
610 2 0 |a triedy účtové 
610 2 0 |a metódy účtovné 
610 2 0 |a závierka účtovná 
610 2 0 |a výkazy účtovné 
610 2 0 |a účtovníctvo vnútropodnikové 
610 2 0 |a účtovanie 
100 1 |a Čejková, Viktória 
700 1 |a Valouch, Petr